000 00678 a2200217 4500
005 20160115124303.0
008 160115b xxu||||| |||| 00| 0 eng d
020 _a9781439855089
100 _aLézoray, Olivier
245 _aImage Processing and Analysis with Graphs
260 _c2012
_bCRC
653 _aComputer vision--Mathematics
653 _aImage processing--Digital techniques
653 _aGraph theory
653 _aCOMPUTERS / Computer Graphics
653 _aCOMPUTERS / Machine Theory
653 _aTECHNOLOGY & ENGINEERING / Imaging Systems
700 _aGrady, Leo
856 _uhttp://www.crcnetbase.com/isbn/978-1-4398-5507-2
942 _cEB
999 _c83036
_d83035